Introduction to physics for scientists and engineers

ग्रंथसूची विवरण
मुख्य लेखक: Bueche F. J. Frederick J.
भाषा:अंग्रेज़ी
प्रकाशित: New York, McGraw-Hill, 1986
विषय:
स्वरूप: पुस्तक
KOHA link:https://koha.lib.tpu.ru/cgi-bin/koha/opac-detail.pl?biblionumber=25867

MARC

LEADER 00000nam0a2200000 4500
001 25867
005 20231030201218.0
010 |a 0070088713 
035 |a (RuTPU)RU\TPU\book\26105 
035 |a BOOK00000021 
090 |a 25867 
100 |a 20011209d1986 k y0engy50 ba 
101 0 |a eng 
102 |a US 
105 |a a z 000zy 
200 1 |a Introduction to physics for scientists and engineers  |f F. J. Bueche 
210 |a New York  |c McGraw-Hill  |d 1986 
215 |a 948 p.  |c il. 
610 1 |a физика 
610 1 |a физическая наука 
610 1 |a техника 
610 1 |a наука 
610 1 |a физические методы 
610 1 |a исследования 
675 |a 53  |v 3 
700 1 |a Bueche  |b F. J.  |g Frederick J. 
801 0 |a RU  |b 63413507  |c 20011209  |g PSBO 
801 2 |a RU  |b 63413507  |c 20090513  |g PSBO 
942 |c BK